01124cam a2200301 i 4500001001000000003000900010005001700019007000300036008004100039020001500080040003100095041000800126082002100134245013700155264004000292300002100332500004100353650002200394650002900416700006000445700004100505700004200546710003300588910003400621942001400655952013800669999001500807000001394DO-SdBNP20260318092433.0ta810109s1979 sp b 001 0 spa  a8437601932 aDO-SdBNPbspacBNPHU erda aspa 4a302.2bS741c22200aSemiótica de la cultura /cJurij M. Lotman ; introducción, selección y notas de Jorge Lozano ; traducción de, Nieves Mendez. 1aMadrid :bEdiciones Catedra,c1979. a245 p. ;c22 cm. aIncluye referencias bibliográficas 4aSemiótica94668 7aCultura2LIBRUNAM9892241 aLotman, IU. M.q(IUrii Mikhailovich),d1922-1993.946691 aLozano, Jorge.eintroducción946701 aMendez, Nieves,etraductor4tr.946712 aTartu Riiklik Ulikool.94672 aCatalogación por copia / LC 2ddccLBS1 00102ddc56708GRaBNPHUbBNPHUcCTd2009-07-24l0oBNPHU GR 302.2 S741cp1394-10r2020-06-25w2020-06-25yLBS1ZPréstamo interno c1316d1316